000 00291nam a22001337a 4500
008 170614b xxu||||| |||| 00| 0 eng d
020 _a9780984785704
041 _aeng
080 _a94
100 _a19
101 _aSHH
245 _aAMERICA CAPITALISM
_cALPEROVITZ.G
942 _2udc
_cBK
999 _c17304
_d17304